| 000 | 00774cab a2200229 4500 | ||
|---|---|---|---|
| 001 | WB3130-17 | ||
| 008 | 090401t1995 xxu||||| |||| 00| 0 eng d | ||
| 035 | _a(Sirsi) u45912 | ||
| 041 | _aeng | ||
| 245 | _aThames Gateway set for development | ||
| 260 | _c1995 | ||
| 350 | _a0 | ||
| 490 |
_aEstates Gazette _v(9530) 29 July 1995, 49(1) |
||
| 520 | _aThames Gateway planning framework, sets out a future for the area over the next 25 years. The main tasks are encouraging development of previously used sites and improving transport links. | ||
| 650 | _aLAND DEVELOPMENT | ||
| 650 | _aLONDON DOCKLANDS | ||
| 650 | _aTHAMES GATEWAY PLANNING FRAMEWORK | ||
| 650 | _aTHAMES GATEWAY | ||
| 690 | _aPROPERTY-PROPERTY DEVELOPMENT | ||
| 942 | _n0 | ||
| 948 | _c04/03/1997 | ||
| 999 |
_c29047 _d29047 |
||